Spoken Arabic self-taught

Bibliographic Details
Main Author: Ashiurakis, Ahmed M. , 1918- (Author)
Format: Book
Published: London : Darf , 1985
Subjects:

MARC

LEADER 00000cam a2200000 7i4500
001 0000008293
005 20161023093000.0
008 021119n
020 |a 1850770905 
090 0 0 |a PJ6308   |b .A8 1972 
100 0 |a Ashiurakis, Ahmed M. ,   |d 1918- ,   |e author 
245 0 0 |a Spoken Arabic self-taught   |c A. M. Ashiurakis 
260 2 |a London :   |b Darf ,   |c 1985 
300 |a 116 p. ; ;   |c 18 cm. 
650 0 |a Arabic language   |v Conversation and phrase books 
650 0 |a Arabic language   |x Self-instruction 
999 |a 1000056002   |b Book   |c OPEN SHELF (30 DAYS)   |e Gong Badak Campus